02422nam a2200277Ia 4500003000400000005001700004008002700021020001800048040003400066082001300100100004300113245005700156264004500213300003000258336002700288337003300315338002800348490001800376500151800394586003701912650003801949650004201987650004502029650003502074700003502109OSt20230404074917.0141031s9999 ck 000 0 spa d a9789588886213 aCO-BoRNBPbspaerdacCO-MqBPB aANbGARc1 aGarcía Márquez, Gabrield1928-201410aCien años de soledad /cGabriel García Márquez aBogotá :bPenguin Random House:c2014. a494bTapa Rusticac19 cm. atextobtxt2rdacontent asin mediaciónbn2rdamedia avolumenbnc2rdacarrier aContemporanea aSeñalada como «catedral gótica del lenguaje», este clásico del siglo XX es el enorme y espléndido tapiz de la saga de la familia Buendía, en la mítica aldea de Macondo.Un referente imprescindible de la vida y la narrativa latinoamericana.«Muchos años después, frente al pelotón de fusilamiento, el coronel Aureliano Buendía había de recordar aquella tarde remota en que su padre lo llevó a conocer el hielo. Macondo era entonces una aldea de veinte casas de barro y cañabrava construidas a la orilla de un río de aguas diáfanas que se precipitaban por un lecho de piedras pulidas, blancas y enormes como huevos prehistóricos. El mundo era tan reciente, que muchas cosas carecían de nombre, y para mencionarlas había que señalarlas con el dedo.»Con estas palabras empieza la novela ya legendaria en los anales de la literatura universal, una de las aventuras literarias más fascinantes de nuestro siglo. Millones de ejemplares de Cien años de soledad leídos en todas las lenguas y el Premio Nobel de Literatura coronando una obra que se había abierto paso «boca a boca» -como gusta decir al escritor- son la más palpable demostración de que la aventura fabulosa de la familia Buendía-Iguarán, con sus milagros, fantasías, obsesiones, tragedias, incestos, adulterios, rebeldías, descubrimientos y condenas, representaba al mismo tiempo el mito y la historia, la tragedia y el amor del mundo entero.Pablo Neruda dijo...«El Quijote de nuestro tiempo.» aPremio nobel de Literatura, 1982142LEMBaNovela colombianaySiglo XX142LEMBaLiteratura colombianaySiglo XX142LEMBaRealismo mágico en la literatura142LEMBaSoledad en la literatura1 a Hernández A. Iváneeditor